000 00927nam2a2200265 4500
001 RU\NLR\bibl\110283
005 20250617091733.0
010 _a5-7914-0042-Х
_911000
021 _aRU
_b2000-19644
_9923
035 _a(NLR Aleph) 000107940
090 _a611604
_c611604
100 _a20000928d1999 |||y0rusy50 ca
101 1 _arus
_cfre
102 _aRU
105 _ac |||||||||
200 1 _a[Интрига и исторический рассказ
_fПер.: Т.В. Славко]
210 _d1999
_aБ. м.
215 _a313 c.
_cпортр.
461 0 _1001RU\NLR\bibl\111972
_12001#$aВремя и рассказ$vТ. 1
_9621489
_aРикер, П.
_cМ.
_d1999
_fПоль Рикер
_lTemps et récit
_nЦГНИИ ИНИОН РАН
_tВремя и рассказ
_vТ. 1
801 0 _aRU
_bNLR
_c20000928
_gPSBO
801 1 _aRU
_bNLR
_c20000928
852 _aNLR
_j2000-5/2939
942 _cBOOK
980 _aNB